000 00308nam a2200121Ia 4500
008 220120s9999||||xx |||||||||||||| ||und||
082 _a650 TRI
100 _aTripathi, P.C and Reddy, P.N.
245 0 _aPrinciples of management
260 _bBangalore
_c2009
300 _b299
650 _aELECTRICAL SCIENCE
999 _c132266
_d132266